000 00857nam a2200265 i 4500
001 C2-0217660
003 PPAK
005 20180728110151.0
008 990701s1997 my |||| ||||| | may d
020 _a9839017608
040 _aPPAK
_beng
_cPPAK
_erda
082 0 4 _a297.352
_2 23
090 0 0 _a297.352
_bPAN
_dG
090 0 0 _a297.352
_bPAN
_dKIH
090 0 0 _a297.352
_bPAN
_dKMI
245 0 0 _aPanduan umrah dan ziarah :
_bteman untuk tetamu Allah
264 1 _aKuala Lumpur :
_bDarul Nu'man ,
_c1997
300 _ai, 161 pages ;
_c19 cm
336 _2rdacontent
_atext
337 _2rdamedia
_aunmediated
338 _2rdacarrier
_avolume
500 _aIncludes Quranic verses ; Mengandungi ayat-ayat dari Al Quran
650 1 0 _aMuslim pilgrims and pilgrimages - Saudi Arabia - Mecca. ; Prayer books - Islam. ; Pillars of Islam.
942 _ddc
_cB
999 _c160821
_d160821